000 01869nam a2200301 4500
003 CO-CtgCURN
005 20250515175324.0
008 160627s2024 000 0 eng d
020 _a978-628-01-2298-4
040 _aCO-CtgCURN
_bspa
_ccoctgcurn
082 0 _a612.399
_bG633
100 1 _aGómez Padilla, Adolfo.
245 1 0 _aVitaminas :
_bbiomoléculas esenciales para la salud /
_cAdolfo Gómez Padilla; María Lima de Gómez.
260 _aBarranquilla, Colombia :
_bAgopa :
_bUnicorsalud,
_c2024.
300 _a495 páginas :
_bilustraciones con gráficos blanco y negro ;
_c24 cms.
336 _2rdacontent
337 _2rdamedia
_asin mediacion
_bn
338 _2rdacarrier
_avolumen
_bnc
500 _aIncluye indice.
505 8 _aVolver a tomar en serio la empresa.--Dirigir la empresa para los clientes.--Ofrecer para los clientes lo que realmente desean.--Dar prioridad a los procesos.--Establecer el orden,alli donde reina el caos.--Medir y evaluar lo que nos interesa.--Gestionar sin estructura.--Centrarse en el cliente final
520 8 _a"Texto básico de vitaminología, útil para estudiantes de medicina, nutrición, odontología, bacteriología, enfermería y farmacia, al tiempo que pudiera servir para los estudiantes de cualquier carrera relacionada con las ciencias biológicas y ciencias de la salud que se interesen en profundizar sus conocimientos sobre vitaminas, al integrar una información seria acerca de las vitaminas con las nociones específicas que ellos, en su futura ocupación profesional, habrán de emplear.
650 0 _aAlimentos
_vcontenido vitamínico.
650 4 _aVitaminas
_xEfectos fisiológicos.
650 4 _aVitaminas en la nutrición humana.
700 1 _aLima de Gómez, María.
942 _cBK
_h612.399
_iG633
_2ddc
_n0
999 _c21774
_d21774